Toy Story or Incredibles? Sudden Death - Statistics

General Stats
  • This quiz has been taken 178 times
  • The average score is 8 of 9
Answers on the Grid
Answers color-coded by a green-red scale on the quiz's grid according to % correct below.
Syndrome
Buzz
Woody
Frozone
Rex
Jack-Jack
Dash
Sid
Violet
Slinky Dog
Edna Mode
Mr. Potato Head
the Underminer
Helen
Bob
Andy
 
Answer Stats
Answer % Correct
Dash
92%
Edna Mode
92%
Helen
92%
Violet
92%
Bob
91%
Frozone
91%
Syndrome
90%
the Underminer
90%
Jack-Jack
89%
No matching quizzes found
Score Distribution
Percent of People with Each Score
Percentile by Number Answered
Your Score History
You have not taken this quiz